| 000 | 00842nam a22002537a 4500 | ||
|---|---|---|---|
| 001 | 124395 | ||
| 003 | UA-OsUOA | ||
| 005 | 20220411094725.0 | ||
| 007 | ta | ||
| 008 | 20170810b un ||||| |||| 00| 0 ukr d | ||
| 020 | _a9669439031 | ||
| 040 |
_aUA-OsUOA _bukr _cUA-OsUOA _dUA-OsUOA |
||
| 041 | _aukr | ||
| 080 | _a130.2(4) | ||
| 090 |
_a130.2(4) _bД75 |
||
| 100 | _aДроздовський Д. | ||
| 245 | _aКод майбутнього: криза людини в європейсьбкій філософії: від екзистенціалізму до українського шестидесятництва | ||
| 260 |
_aК. _bВсесвіт _c2006 |
||
| 300 | _a192 с. | ||
| 650 | 7 |
_a1 Філософські науки _2UDC |
|
| 942 |
_cBK _2udc |
||
| 955 | _a1 | ||
| 999 |
_c411540 _d411540 |
||